| 000 | 00776nam a2200241 a 4500 | ||
|---|---|---|---|
| 001 | BRL_1733 | ||
| 005 | 20190320211338.0 | ||
| 008 | 230715s1982----mx-a######---#000-0#spa-# | ||
| 041 | _aspa | ||
| 044 | _amx | ||
| 050 | 4 |
_aF1366 _b.M86 1892 |
|
| 100 | 1 |
_aMuñoz Camargo, Diego _d?-1604 _98131 |
|
| 245 | 1 | 0 |
_aHistoria de Tlaxcala _b[crónica del siglo XVI] _cpor Diego Muñoz Camargo ; anotada por Alfredo Chavero. |
| 260 |
_aMéxico _bInnovación _c1982 |
||
| 300 |
_a278 p., vi, 48 láminas _bil. _c20 |
||
| 500 | _aAu1906 | ||
| 500 | _aVersión enriquecida con 48 láminas del Lienzo de Tlaxcala | ||
| 651 | 4 |
_aMéxico _xHistoria _9614 |
|
| 651 | 4 |
_aTlaxcala (Estado) _xHistoria _98132 |
|
| 700 | 1 |
_aChavero, Alfredo _d1841-1906 _923493 |
|
| 902 | _aGRL | ||
| 942 |
_2lcc _cB |
||
| 999 |
_c10541 _d10541 |
||